| 000 | 00431nam a2200181Ia 4500 | ||
|---|---|---|---|
| 001 | 15016 | ||
| 005 | 20260306164957.0 | ||
| 008 | 260306t1989||||xx |||||||||||||| ||spa|| | ||
| 041 | _aESP | ||
| 082 |
_a519.72 _bL96 |
||
| 100 |
_aLuenberger, David G. _eAUT |
||
| 245 | 0 | _aProgramación lineal y no lineal | |
| 260 | _c1989 | ||
| 300 |
_a499 pƔginas : _c23 cm. |
||
| 650 | _aGEN | ||
| 654 | _aCMA | ||
| 942 |
_cLIB _dJUS _fJUS _2ddc _n |
||
| 999 |
_c15016 _d15016 |
||